000 00440nam a22001577a 4500
003 NUST - PNEC
005 20170116181150.0
008 151116b xxu||||| |||| 00| 0 eng d
020 _a-
040 _cLIBRARY
082 _a621.94 MUR
100 _915361
_aMurphy, J.S.
245 _aScrew thread production Vol 1 : chasing : rolling : milling : grinding
_cJ. S. Murphy
650 _915362
_aScrew Production
_xGeneral
942 _2ddc
_cBK
999 _c70925
_d70925